000 00608nam a2200217 i 4500
001 6005
003 ES-MaACL
005 20250315062538.0
008 890622s1989 sp ||||1| spa d
020 _a84-321-2473-7
080 _a821.134.2-14"19"
100 1 _aSánchez Gatell, Miguel.
_9102667
245 1 3 _aLa soledad absoluta de la tierra /
_cMiguel Sánchez Gatell.
260 _aMadrid :
_bRialp,
_c1989.
300 _a86 p. ;
_c18 cm.
490 1 _aAdonáis ;
_v459
586 _aPremio Adonáis 1988
830 1 0 _aAdonáis
_v459
_9173743
852 _aES-MaACL
_jJ-23-459
999 _c6005
_d6005